000 00299nam a22001337a 4500
008 180118b xxu||||| |||| 00| 0 eng d
020 _a9780130501974
041 _aeng
080 _a82
100 _a24
101 _a21
245 _aTWENTIETH CENTURY AMERICAN DRAMA
_cHALL,P
942 _2udc
_cBK
999 _c40517
_d40517